000 00663nam a22002057a 4500
999 _c7688
_d7688
003 OSt
005 20220215110104.0
008 220215b ||||| |||| 00| 0 eng d
020 _a0340762187
040 _cDDC
082 _a150.92 C0L 2000
100 _aCollins, Sylvie C.: Pauline E. Kneale
_915713
245 _aStudy skills for psychology students :
_ba practical guide
260 _a New York :
_bOxford University Press;
_cc2001.
300 _a275 p. :
_bill. ;
_c24 cm.
504 _aIncludes bibliographical references and index.
650 _aPsychology -- Study and teaching (Higher)
_915610
650 _aStudy skills.
_97110
942 _2ddc
_cBOOK